LEADER 00977nam0-2200337---450- 001 990009197520403321 005 20100614094503.0 010 $a88-85758-14-2 035 $a000919752 035 $aFED01000919752 035 $a(Aleph)000919752FED01 035 $a000919752 100 $a20100614d1994----km-y0itay50------ba 101 0 $aita 102 $aIT 105 $a--------001yy 200 1 $aDizionario di vaccinazione$fa cura di Baroukh M. Assael$gcon la collaborazione di Ivan Assael [et al.] 210 $aMilano$cCIS$d1994 215 $a309 p.$d22 cm 300 $aIn alto sulla copertina : Malattie, immunologia, tecnologie, vaccinazione, storia 610 0 $aVaccini 676 $a615.37 702 1$aAssael,$bIvan 702 1$aAssael,$bBaroukh M. 801 0$aIT$bUNINA$gRICA$2UNIMARC 901 $aBK 912 $a990009197520403321 952 $aIG 17 G 08$fDMIGI 959 $aDMIGI 996 $aDizionario di vaccinazione$9775186 997 $aUNINA LEADER 01149nam--2200361---450 001 990002979600203316 005 20201109104516.0 010 $a978-88-15-11871-4 035 $a000297960 035 $aUSA01000297960 035 $a(ALEPH)000297960USA01 035 $a000297960 100 $a20070928d2007----km-y0itay50------ba 101 $aita 102 $aIT 105 $aa---||||001yy 200 1 $a<> italiana alla corte di Francia$eChristine de Pizan, intellettuale e donna$fMaria Giuseppina Muzzarelli 210 $aBologna$cIl Mulino$d2007 215 $a160 p., [10] carte di tav.$cill.$d21 cm 225 2 $aIntersezioni$v316 410 0$12001$aIntersezioni$v316 606 0 $aChristine : de Pizan$xBiografie 676 $a944.026092 700 1$aMUZZARELLI,$bMaria Giuseppina$0145763 801 0$aIT$bsalbc$gISBD 912 $a990002979600203316 951 $aX.1.B. 1038$b200642 L.M.$cX.1.B.$d00161049 951 $aX.1.B. 1038a$b204077 LM$cX.1.B.$d00067682 951 $aX.1.B. 1038b$b204076 LM$cX.1.B.$d00067694 959 $aBK 969 $aUMA 996 $aItaliana alla corte di Francia$91028516 997 $aUNISA LEADER 02017oam 2200589M 450 001 9910716191803321 005 20200213070900.2 035 $a(CKB)5470000002518193 035 $a(OCoLC)1065589427 035 $a(OCoLC)995470000002518193 035 $a(EXLCZ)995470000002518193 100 $a20071213d1925 ua 0 101 0 $aeng 135 $aurcn||||||||| 181 $ctxt$2rdacontent 182 $cc$2rdamedia 183 $acr$2rdacarrier 200 10$aFrederick S. Easter. December 19, 1925. -- Committed to the Committee of the Whole House and ordered to be printed 210 1$a[Washington, D.C.] :$c[U.S. Government Printing Office],$d1925. 215 $a1 online resource (5 pages) 225 1 $aHouse report / 69th Congress, 1st session. House ;$vno. 14 225 1 $a[United States congressional serial set ] ;$v[serial no. 8535] 300 $aBatch processed record: Metadata reviewed, not verified. Some fields updated by batch processes. 300 $aFDLP item number not assigned. 606 $aClaims 606 $aLegislative amendments 606 $aMilitary offenses 606 $aNaval offenses 606 $aMilitary discharge 606 $aWorld War, 1914-1918 606 $aChild soldiers 606 $aDisabled veterans 608 $aLegislative materials.$2lcgft 615 0$aClaims. 615 0$aLegislative amendments. 615 0$aMilitary offenses. 615 0$aNaval offenses. 615 0$aMilitary discharge. 615 0$aWorld War, 1914-1918. 615 0$aChild soldiers. 615 0$aDisabled veterans. 701 $aStephens$b Ambrose Everett Burnside$f1862-1927$pRepublican (OH)$01389558 801 0$bWYU 801 1$bWYU 801 2$bOCLCO 801 2$bOCLCQ 801 2$bOCLCO 801 2$bOCLCQ 906 $aBOOK 912 $a9910716191803321 996 $aFrederick S. Easter. December 19, 1925. -- Committed to the Committee of the Whole House and ordered to be printed$93550146 997 $aUNINA